| Tag |
First Indicator |
Second Indicator |
Subfields |
| LEADER |
00000cas a2200000 4500 |
| 001 |
in00000065838 |
| 005 |
20230220184457.1 |
| 008 |
750907c19529999ch uu m i0 a0eng d |
| 016 |
7 |
|
|a 016354885
|2 DE-101
|
| 016 |
7 |
|
|a 1105459-1
|2 DE-600
|
| 022 |
|
|
|a 0447-8150
|l 0447-8150
|
| 029 |
1 |
|
|a GBVCP
|b 170783642
|
| 035 |
|
|
|a (OCoLC)ocm01606288
|
| 035 |
|
|
|a (OCoLC)1606288
|
| 035 |
|
|
|a (OCoLC)ocm01606288
|
| 040 |
|
|
|a MUL
|b eng
|c MUL
|d SUL
|d OCLCQ
|d UPM
|d OCLCQ
|d GBVCP
|d OCLCO
|d OCLCF
|d OCLCA
|d OCLCQ
|d AGL
|d OCLCQ
|d OCLCO
|
| 043 |
|
|
|a a-cc---
|a a-ch---
|
| 050 |
1 |
4 |
|a SH105.5
|b .J6
|
| 070 |
|
0 |
|a 414.9 J66
|
| 082 |
2 |
4 |
|a 639
|
| 084 |
|
|
|a 21,3
|2 ssgn
|
| 084 |
|
|
|a 670
|2 zdbs
|
| 222 |
|
0 |
|a Fisheries series
|b (Taipei)
|
| 245 |
0 |
0 |
|a Fisheries series.
|
| 246 |
1 |
4 |
|a JCRR fisheries series
|
| 264 |
|
1 |
|a Taipei,
|b Chinese-American Joint Commission on Rural Reconstruction.
|
| 300 |
|
|
|a volumes
|b illustrations, plates, diagrams
|c 26 cm
|
| 336 |
|
|
|a text
|b txt
|2 rdacontent
|
| 337 |
|
|
|a unmediated
|b n
|2 rdamedia
|
| 338 |
|
|
|a volume
|b nc
|2 rdacarrier
|
| 362 |
0 |
|
|a no. 1- Nov. 1952-
|
| 500 |
|
|
|a No. 7- also called "Reports of fish culture research supported by Rockefeller Foundation."
|
| 650 |
|
0 |
|a Fish culture
|z Taiwan.
|
| 650 |
|
0 |
|a Fisheries
|z China.
|
| 650 |
|
7 |
|a Fish culture.
|2 fast
|0 (OCoLC)fst00926017
|
| 650 |
|
7 |
|a Fisheries.
|2 fast
|0 (OCoLC)fst00926051
|
| 651 |
|
7 |
|a China.
|2 fast
|0 (OCoLC)fst01206073
|
| 651 |
|
7 |
|a Taiwan.
|2 fast
|0 (OCoLC)fst01207854
|
| 710 |
2 |
|
|a Zhongguo nong cun fu xing lian he wei yuan hui.
|
| 710 |
2 |
|
|a Rockefeller Foundation.
|
| 776 |
0 |
8 |
|i Online version:
|t Fisheries series
|w (OCoLC)654385435
|
| 948 |
|
|
|h HELD BY TXA - 27 OTHER HOLDINGS
|
| 994 |
|
|
|a Z0
|b TXA
|
| 999 |
f |
f |
|s 687c79d0-e43c-3f18-9580-d6342a458623
|i 3375c8a7-7896-37a3-bf79-2bbf00e82f3d
|t 0
|
| 952 |
f |
f |
|p ric
|a Texas A&M University
|b Rellis Campus
|c Joint Library Facility
|d Remote Storage
|t 0
|e SH105.5 .J6
|h Library of Congress classification
|i unmediated -- volume
|k no.1-3
|l 1952-1957
|m A14842037211
|
| 998 |
f |
f |
|a SH105.5 .J6
|s no.1-3 (1952-1957)
|t 0
|l Remote Storage
|